Automatic control systems (Record no. 567597)
[ view plain ]
| 000 -LEADER | |
|---|---|
| fixed length control field | 00441nam a22001817a 4500 |
| 003 - CONTROL NUMBER IDENTIFIER | |
| control field | CEME |
| 005 - DATE AND TIME OF LATEST TRANSACTION | |
| control field | 20210628201906.0 |
| 008 - FIXED-LENGTH DATA ELEMENTS--GENERAL INFORMATION | |
| fixed length control field | 210115b xxu||||| |||| 00| 0 eng d |
| 020 ## - INTERNATIONAL STANDARD BOOK NUMBER | |
| International Standard Book Number | 9788126552337 |
| 040 ## - CATALOGING SOURCE | |
| Transcribing agency | . |
| 082 ## - DEWEY DECIMAL CLASSIFICATION NUMBER | |
| Classification number | 629.8311 GOL |
| 100 ## - MAIN ENTRY--PERSONAL NAME | |
| Personal name | Golnaraghi, Farid |
| 9 (RLIN) | 57300 |
| 245 ## - TITLE STATEMENT | |
| Title | Automatic control systems |
| 260 ## - PUBLICATION, DISTRIBUTION, ETC. | |
| Place of publication, distribution, etc. | INDIA |
| Name of publisher, distributor, etc. | WILEY |
| Date of publication, distribution, etc. | 2010 |
| 300 ## - PHYSICAL DESCRIPTION | |
| Extent | XIII, 786P |
| 700 ## - ADDED ENTRY--PERSONAL NAME | |
| Personal name | Kuo, Benjamin C |
| 9 (RLIN) | 44545 |
| 942 ## - ADDED ENTRY ELEMENTS (KOHA) | |
| Koha item type | Book |
| Source of classification or shelving scheme | |
| Withdrawn status | Lost status | Damaged status | Not for loan | Permanent Location | Current Location | Shelving location | Date acquired | Total Checkouts | Full call number | Barcode | Date last seen | Price effective from | Koha item type |
|---|---|---|---|---|---|---|---|---|---|---|---|---|---|
| College of Electrical & Mechanical Engineering (CEME) | College of Electrical & Mechanical Engineering (CEME) | General Stacks | 02/16/2017 | 629.8311 GOL | CEME-47970 | 06/28/2021 | 06/28/2021 | Book |
